Riadenie školy v kontexte požiadaviek súčasnej spoločnosti

Poukázanie na premeny súčasnej spoločnosti. Zdôraznenie požiadaviek na riadenie školy. Uskutočňovanie riadenia zmien v škole ako základu účinného vedenia ľudí a riadenia školy.

Salvato in:
Dettagli Bibliografici
Autore principale: Fráterová, Zuzana
Natura: Capitolo di libro
Lingua:slovacco
Soggetti:
Tags: Aggiungi Tag
Nessun Tag, puoi essere il primo ad aggiungerne!!

MARC

LEADER 00000naa$a2200000$$$4500
001 0075731
005 20231010124827.2
041 0 |a slo 
044 |a SK 
245 1 0 |a Riadenie školy v kontexte požiadaviek súčasnej spoločnosti  |c Zuzana Fráterová 
520 |a Poukázanie na premeny súčasnej spoločnosti. Zdôraznenie požiadaviek na riadenie školy. Uskutočňovanie riadenia zmien v škole ako základu účinného vedenia ľudí a riadenia školy. 
610 2 0 |a školy 
610 2 0 |a riadenie 
610 2 0 |a spoločnosť 
610 2 0 |a riadenie zmien 
610 2 0 |a vedenie 
100 1 |a Fráterová, Zuzana